Biela Noc 2015 v kocke

Bibliographic Details
Main Author: Radzová, Lucia (Author)
Format: Article
Language:Slovak
PhysicalDescription:Fotogr.
ISSN:1338-7073
Subjects:
Online Access:http://zajtrajsienoviny.sk/2015/10/biela-noc-2015-v-kocke/

MARC

LEADER 00000nab a2200000 a 4500
001 vtls011133950
003 SK-MaSNL
005 20260303090811.0
008 151102c2015 xo |rz 0 0slo
038 |a KEVKJB 
040 |a KEVKJB  |b slo  |c KEVKJB  |e AACR2 
041 0 |a slo 
044 |a xo  |c SK 
080 |a 008:06.07  |2 2001 
100 1 |a Radzová, Lucia  |4 aut  |9 268181 
245 1 0 |a Biela Noc 2015 v kocke  |c Lucia Radzová 
300 |b Fotogr. 
611 2 7 |a Biela noc  |n (6. :  |d 2015 :  |c Košice, Slovensko)  |2 kevkjb  |9 1098229 
651 7 |a Košice (Slovensko)  |2 kevkjb  |9 18694 
773 0 |t Zajtrajšie noviny  |g Roč. IV., č. 18 (1.10.2015), s. 2-3  |x 1338-7073 
852 |a KEVKJB  |b KIS3GCP 
856 4 1 |u http://zajtrajsienoviny.sk/2015/10/biela-noc-2015-v-kocke/ 
999 |c 1804875  |d 1806805